000 006480000a22002050004500
020 _a84-301-1489-0
041 0 _aSPA
082 0 4 _aG 232.908 V648t
100 1 _aVidal, Senén (1941-)
245 1 0 _aLos tres proyectos de Jesús y el cristianismo naciente : Un ensayo de reconstrucción histórica / Senén Vidal
260 _aSalamanca, España : Sígueme
300 _a377 Pag
440 0 _aBiblioteca de Estudios Bíblicos; No. 110
650 1 4 _aJESUCRISTO - HISTORICIDAD \ CRISTIANISMO
001 4079
942 _cBK
999 _c34694
_d34694
336 _atexto
_btxt
_2rdacontent
337 _2rdamedia
_asin mediación
_bn
338 _2rdacarrier
_avolumen
_bnc